000 00705nam a2200241 i 4500
001 67579
003 ES-MaACL
005 20251120063131.0
007 t|
008 040604s2003 sp ||||1| spa d
020 _a84-8310-918-2
080 _a929 Salinas, Jaime
100 1 _aSalinas, Jaime,
_d1925-
_9142578
245 1 0 _aTravesías
_b: memorias (1925-1955) /
_cJaime Salinas.
250 _a1ª ed.
260 _aBarcelona :
_bTusquets,
_c2003.
300 _a559 p. ;
_c23 cm.
490 1 _aTiempo de memoria ;
_v32
600 1 7 _aSalinas, Jaime,
_d1925-
_2
_9142578
830 0 _aTiempo de memoria ;
_v32
_9180241
852 _aES-MaACL
_jL-27790
_bR.133435
999 _c67579
_d67579